Quốc triều hình luật Luật hình triều Lê: Luật Hồng Đức
vv..
Đã lưu trong:
| Tác giả chính: | |
|---|---|
| Định dạng: | Sách |
| Ngôn ngữ: | Vietnamese |
| Năm xuất bản: |
H.
Chính trị Quốc gia
1995
|
| Chủ đề: | |
| Truy cập Trực tuyến: | Table of contents only |
| Tags: |
Thêm thẻ
Không có thẻ, Hãy là người đầu tiên gắn thẻ bản ghi này!
|
| LEADER | 01273cam a22003254a 4500 | ||
|---|---|---|---|
| 001 | 13902013 | ||
| 005 | 20161012095129.0 | ||
| 008 | 050301s2004 vm l 000 0 vie | ||
| 035 | |a (DLC) 2005346133 | ||
| 040 | |a DLC |c DLC |d DLC | ||
| 042 | |a lcode | ||
| 043 | |a a-vt--- | ||
| 050 | 0 | 0 | |a KPV140.22004 |b .Q86 2004 |
| 082 | |a 340.09597 |b QU451tr | ||
| 100 | |a Nguyễn Ngọc Nhuận | ||
| 245 | 0 | 0 | |a Quốc triều hình luật |b Luật hình triều Lê: Luật Hồng Đức |c Nguyễn Ngọc Nhuận, Nguyễn Tá Nhí dịch |
| 260 | |a H. |b Chính trị Quốc gia |c 1995 | ||
| 300 | |a 278 tr. |c 19 cm | ||
| 520 | |a vv.. | ||
| 650 | 0 | |a Law |z Vietnam |x History. | |
| 651 | 0 | |a Vietnam |x History |y Later Lê dynasty, 1428-1787. | |
| 653 | |a Luật pháp | ||
| 653 | |a Việt Nam | ||
| 653 | |a Triều Lê | ||
| 856 | 4 | 1 | |3 Table of contents only |u http://www.loc.gov/catdir/toc/ssa0801/2005346133.html |
| 906 | |a 7 |b cbc |c origode |d 3 |e ncip |f 20 |g y-gencatlg | ||
| 942 | |2 ddc |c SH | ||
| 955 | |a wj31 2005-03-01 to wj07; wj07 2005-03-01 to RCCD |i ys09 2008-09-04 (ys02) | ||
| 999 | |c 3130 |d 3130 | ||
| 952 | |0 0 |1 0 |2 ddc |4 0 |6 340_095970000000000_QU451TR |7 0 |8 300 |9 35330 |a qbu |b qbu |c D2 |d 2014-12-15 |g 19000 |o 340.09597 QU451tr |p 4224.c1 |r 0000-00-00 |w 2014-12-15 |y SH |0 0 |6 340_095970000000000_QU451TR | ||